Southville International School and Colleges
Your cart is empty.
  • Cart
  • Lists
    Public lists Eva Luna New books Lux_list list_1
    Your lists Log in to create your own lists
  • Log in to your account
  • Your cookies
  • Search history
Southville International School and Colleges
  • Advanced search
  • Recent comments
  • Most popular
  • Libraries

Log in to your account

Log in with GOOGLE


If you do not have an external account, but do have a local account, you can still log in:

  1. Home
  2. MARC view: Who lives in the tree? /
Normal view MARC view ISBD view

Who lives in the tree? / (Record no. 115409)

[ view plain ]
MARC details
000 -LEADER
fixed length control field 00807nam a2200229 a 4500
001 - CONTROL NUMBER
control field 0958
005 - DATE AND TIME OF LATEST TRANSACTION
control field 20140414132145.0
008 - FIXED-LENGTH DATA ELEMENTS--GENERAL INFORMATION
fixed length control field 041008s19uu xx 00 eng d
020 ## - INTERNATIONAL STANDARD BOOK NUMBER
International Standard Book Number 0-590-15856-2
050 ## - LIBRARY OF CONGRESS CALL NUMBER
Classification number KIT (SER) 591.56'4
Item number C16 1998
100 ## - MAIN ENTRY--PERSONAL NAME
Personal name Canizares, Susan
245 ## - TITLE STATEMENT
Title Who lives in the tree? /
Statement of responsibility, etc Susan Canizares, Daniel Moreton.
260 ## - PUBLICATION, DISTRIBUTION, ETC. (IMPRINT)
Place of publication, distribution, etc New York :
Name of publisher, distributor, etc Scholastic Inc.,
Date of publication, distribution, etc 1998.
300 ## - PHYSICAL DESCRIPTION
Extent 1 v. (unp.) ; ill.
440 ## - SERIES STATEMENT/ADDED ENTRY--TITLE
Title Science emergent readers
500 ## - GENERAL NOTE
General note "Scholastic early childhood"--Includes index
520 ## - SUMMARY, ETC.
Summary, etc Photographs and simple text depict the many different animals that live in trees, from the roots to the branches.
650 ## - SUBJECT ADDED ENTRY--TOPICAL TERM
Topical term or geographic name as entry element Animals
General subdivision Juvenile literature
650 ## - SUBJECT ADDED ENTRY--TOPICAL TERM
Topical term or geographic name as entry element Animals
General subdivision Habitations
-- Juvenile literature
Holdings
Withdrawn status Lost status Damaged status Use restrictions Home library Current library Shelving location Date acquired Source of acquisition Total Checkouts Full call number Barcode Date last seen Price effective from Koha item type
        Munich Library Munich Library KIT Section 10/08/2004     KIT (SER) 591.56'4 C16 1998 MU1999 04/14/2014 04/14/2014 Kits
        Munich Library Munich Library KIT Section 10/08/2004     KIT (SER) 591.56'4 C16 1998 MU2000 04/14/2014 04/14/2014 Kits

Who lives in the tree? /

APA

Canizares S., . (1998). Who lives in the tree?. New York: Scholastic Inc.

Chicago

Canizares Susan, . 1998. Who lives in the tree?. New York: Scholastic Inc.

Harvard

Canizares S., . (1998). Who lives in the tree?. New York: Scholastic Inc.

MLA

Canizares Susan, . Who lives in the tree?. New York: Scholastic Inc. 1998.

  • Place hold
  • Print
  • Cite
  • Add to your cart (remove)
  • Save record
    BIBTEX Dublin Core MARCXML MARC (non-Unicode/MARC-8) MARC (Unicode/UTF-8) MARC (Unicode/UTF-8, Standard) MODS (XML) RIS
  • More searches
    Search for this title in:
    Other Libraries (WorldCat) Other Databases (Google Scholar) Online Stores (Bookfinder.com) Open Library (openlibrary.org)

Exporting to Dublin Core...

SOUTHVILLE LIBRARY

Southville International School and Colleges Library

1281 Tropical Ave. Cor. Luxembourg St., BF Homes International, Las Pinas City

Tel. No. 8256374 / 252358 Loc. 117/146

Powered by Koha